[Event "AUTO-ADV-4881"]
[Site "http://www.queenalice.com/game.php?id=1860851"]
[Date "2025.7.30"]
[Round "1"]
[White "atbn"]
[Black "miguel7"]
[Result "0-1"]
[WhiteElo "1901"]
[BlackElo "1811"]

1. e4 e5 2. Nf3 Nc6 3. Bc4 d6 4. Nc3 a6 5. d4 b5 6. Bb3 h6 7. O-O Bg4 8. Qd3 Rb8
9. Nh4 Qxh4 10. Nd5 Kd7 11. dxe5 Nxe5 12. Qc3 Be2 13. Qxc7+ Ke6 14. Nf4+ Kf6 15.
Nxe2 Re8 16. f4 Nc4 17. Bxc4 bxc4 18. Qxc4 Kg6 19. Qd3 f6 20. Ng3 Ne7 21. Qxd6
Nf5 22. exf5+ Kh7 23. Qxa6 Bc5+ 24. Kh1 Ra8 25. Qb7 Rab8 26. Qf7 Rhg8 27. b3 Bd4
28. Rb1 Ra8 29. a4 Ra7 30. Qh5 Qxh5 31. Nxh5 Bc3 32. Bb2 Bxb2 33. Rxb2 Ra5 34.
Ng3 Re8 35. c3 g6 36. fxg6+ Kxg6 0-1

[Event "AUTO-ADV-4881"]
[Site "http://www.queenalice.com/game.php?id=1860852"]
[Date "2025.7.30"]
[Round "1"]
[White "miguel7"]
[Black "atbn"]
[Result "1-0"]
[WhiteElo "1831"]
[BlackElo "1881"]

1. e4 c5 2. Bc4 g6 3. Bxf7+ Kxf7 4. Qf3+ Ke8 5. e5 e6 6. d3 Bg7 7. Bf4 Nc6 8.
Qe3 Qb6 9. b3 Nge7 10. c3 Nd5 11. Qg3 Nxf4 12. Qxf4 Nxe5 13. Qg3 d6 14. Ne2 Rf8
15. Nf4 Rxf4 16. O-O Rf7 17. Nd2 Kf8 18. f4 Nc6 19. Kh1 Bxc3 20. Nc4 Qc7 21.
Rac1 Bg7 22. h3 e5 23. fxe5 Nxe5 24. Ne3 Be6 25. Nc4 Rxf1+ 26. Rxf1+ Kg8 27. a4
Rf8 28. Rxf8+ Kxf8 29. Nd2 Kg8 30. Ne4 Bf5 31. Qe3 Qc6 32. g4 Nxd3 33. gxf5 Ne5
34. Kh2 gxf5 35. Ng5 1-0